| 000 | 00382nam a2200133Ia 4500 | ||
|---|---|---|---|
| 008 | 220217s9999||||xx |||||||||||||| ||und|| | ||
| 020 | _a81-203-0889-1 | ||
| 082 | _a005.13 BAR | ||
| 100 |
_aBarkakati, Nabajyothi _91242 |
||
| 245 | 0 | _aObject orianted programming in C++ | |
| 260 |
_aPrentice hall of india _bNew Delhi _c2001 |
||
| 300 | _b195 | ||
| 650 | _aPROGRAMMING LANGUAGE | ||
| 999 |
_c172356 _d172356 |
||